00343nam a2200133 a 45000010005000000030005000050050017000100080041000270200018000680400026000861000018001122450052001302600027001823280CDMR20130805115357.0130130s2010||||||||||||||||||||||||||||d a9788498091670 aCDMRbcatcCPC LLEIDA1 aSenpau, Pilar10aQuan la vida puja a la bà€sculacSENPAU, Pilar aBarcelonac2010bRaval